000
00264nam a2200109Ia 4500
008
220204s9999 xx 000 0 und d
082
_a
329(540)
_b
JAN
100
_a
Janardhan Thakur
245
0
_a
All the janata men
260
_a
New Delhi
_b
Vikas
_c
1978
942
_c
BK
999
_c
27434
_d
27434